000 01415cam a2200361 i 4500
001 768414001
003 CO-MdFUSB
005 20210824120906.0
007 ta
008 990617t1999 -us 000 0 eng
020 _a080106094X
040 _aDLC
_cCO-MdFUSB
_bspa
_dCO-MdFUSBC
_erda
041 _aeng
082 0 0 _223
_a261.83
_bST888
100 1 _aStott, John R. W.
_eautor
245 1 0 _aHuman rights & human wrongs :
_bmajor issues for a new century
_c/ John R.W. Stott.
246 3 _aHuman rights and human wrongs
264 1 _aGrand Rapids, Michigan :
_bBaker Books,
_c[1999]
264 4 _c© 1999
300 _a192 páginas ;
_c23 cm.
336 _2rdacontent
_atexto
_btxt
337 _2rdamedia
_asin mediación
_bn
338 _2rdacarrier
_avolumen
_bnc
500 _aRev. ed. of: Decisive issues facing Christians today. c1990.
505 _a Cristianos en una sociedad no cristiana. - Participación: ¿Es nuestra preocupación? - Complejidad: ¿Podemos pensar con claridad? - Pluralismo: ¿Debemos imponer nuestras opiniones? - Alienación: ¿Tenemos alguna influencia? - Guerras y rumores de guerras - Nuestro entorno humano - Desigualdad económica Norte-Sur - Derechos humanos.
563 _aRústico
650 0 _aIglesia y problemas sociales
_91177
942 _cBK
945 _aJTF-925
999 _c66847
_d66847